Z problematyki wzrostu gospodarczego krajów rozwijajacych sil
Gespeichert in:
| Format: | Buch |
|---|---|
| Sprache: | Polnisch |
| Veröffentlicht: |
Poznan
Akademia ekonom.
1984
|
| Schriftenreihe: | Zeszyty naukowe - seria 1
zeszyt 128 |
| Tags: |
Keine Tags, Fügen Sie das erste Tag hinzu!
|
MARC
| LEADER | 00000nam a2200000 4500 | ||
|---|---|---|---|
| 001 | c108454 | ||
| 005 | 20150303142438.6 | ||
| 041 | 0 | |a pol | |
| 044 | |a PL | ||
| 245 | 1 | 0 | |a Z problematyki wzrostu gospodarczego krajów rozwijajacych sil |
| 264 | 1 | |a Poznan |b Akademia ekonom. |c 1984 | |
| 300 | |a 90 s. | ||
| 490 | 1 | |a Zeszyty naukowe - seria 1 |v zeszyt 128 | |
| 830 | 0 | |a Zeszyty naukowe - seria 1 |v zeszyt 128 | |